| 000 | 00620nam a22002052 4500 | ||
|---|---|---|---|
| 001 | 0000012925 | ||
| 005 | 20151217152118.0 | ||
| 008 | 090504s xx 000 0 eng d | ||
| 020 | _a0195331356 : | ||
| 040 |
_aKABU _cKABU |
||
| 245 | 1 | 4 |
_aThe Oxford handbook of philosophy of religion / _cedited by William J. Wainwright. |
| 250 | _a1st ed. | ||
| 260 |
_aOxford : _bO. U. P., _c2005. |
||
| 300 | _ax, 550 p. | ||
| 650 | 0 |
_aReligion _xPhilosophy. _@0000148249 |
|
| 700 | 1 |
_aWainright, William J. _@0000169933 |
|
| 852 | 1 | _9p3112.50 KES | |
| 908 | _a090504 | ||
| 950 | _@1 | ||
| 999 |
_c8378 _d8378 |
||